000 01112nam a2200301 i 4500
001 bg
100 1 _aGołębiowski, Marian.
245 1 0 _aPolityka projakościowa w przedsiębiorstwie /
_cMarian Gołębiowski, Władysław Janasz, Magdalena Prozorowicz.
250 _aWyd. 3.
260 _aSzczecin :
_bWydaw. Naukowe US,
_c2004.
300 _a253 s. :
_bil. ;
_c24 cm.
490 1 _aRozprawy i Studia / Uniwersytet Szczeciński,
_x0860-2751 ;
_vt. 410
500 _aNa s. tyt. także t. 484 oznaczający nr kolejny serii Rozprawy i Studia do nr 74 wydawanej przez WSP w Szczecinie.
500 _aStreszcz. ang.
504 _aBibliogr.
650 9 _aZarządzanie jakością
700 1 _aJanasz, Władysław
_d(1940- ).
700 1 _aProzorowicz, Magdalena.
830 0 _aRozprawy i Studia (Uniwersytet Szczeciński) ;
_vt. 410
020 _a8372412189
040 _cBPK
041 0 _apol
_beng
080 _a658.56.012.4
920 _a83-7241-218-9
942 _cKS
008 s pl f |000 0 pol
999 _c45787
_d45787
856 _uhttp://koha.tu.koszalin.pl/cgi-bin/koha/opac-detail.pl?biblionumber=45787
_yKatalog online BPK